| 000 | 00481nam a2200133Ia 4500 | ||
|---|---|---|---|
| 008 | 170221s9999 xx 000 0 und d | ||
| 100 | _aDavid Khanjyan | ||
| 245 | _aDemanding Corporate Patriotism: A Regulatory Attempt to Curb International Corporate Inversions and Stop Tax Avoidance Schemes | ||
| 245 | _cDavid Khanjyan | ||
| 260 | _c2014 | ||
| 300 | _a13 : | ||
| 650 | _xBusiness | ||
| 856 | _uhttp://digitalcommons.pepperdine.edu/cgi/viewcontent.cgi?article=1140&context=jbel | ||
| 999 |
_c313233 _d313233 |
||